00498nam a2200193 a 4500001001300000003000900013005001700022008004100039020002300080082001300103100001600116245002400132260003900156300000900195500003500204505001700239650003200256700001600288nice12345678IN_TiNIC20260116014425.0050524s2002 jaia grp 000 0 eng  a8170339 c55000a307bDEB aDeb, Kushal aMapping Multuralism aJaipur bRawat Publications c2002 a317p aincludes index and biblioraphy2 aBibliography aIntercultural Communication1 aDeb, Kushal